Avatar Franchise - Statistics

General Stats
  • This quiz has been taken 57 times
  • The average score is 5 of 12
Answer Stats
Type Year Name Info % Correct
Film 2009 Avatar 20th Century Fox
100%
Video Game 2009 James Cameron's Avatar: The Game Ubisoft / Lightstorm Entertainment / Fox Digital Entertainment / Gameloft
100%
Film 2022 Avatar 2 Disney
57%
Film 2024 Avatar 3 Disney
57%
Film 2026 Avatar 4 Disney
54%
Film 2028 Avatar 5 Disney
54%
Theme Park Attraction 2017-Present Pandora - The World of Avatar Disney World
14%
Theme Park Attraction 2017-Present Avatar Flight of Passage Disney World
8%
Theme Park Attraction 2017-Present Na'vi River Journey Disney World
8%
Art Book 2009 The Art of Avatar: James Cameron's Epic Adventure Lisa Fitzpatrick / Peter Jackson / Jon Landau / James Cameron
5%
Touring Circus 2015-2019 Toruk - The First Flight Michael Lemieux / Victor Pilon
5%
Film 2010 This Ain't Avatar XXX Hustler Video
3%
No matching quizzes found
Score Distribution
Percent of People with Each Score
Percentile by Number Answered
Your Score History
You have not taken this quiz